World civilizations, their history and their culture. Volume 2 (Record no. 394)

000 -LEADER
fixed length control field 01398nam a22003977a 4500
001 - CONTROL NUMBER
control field 1634893
003 - CONTROL NUMBER IDENTIFIER
control field OSt
005 - DATE AND TIME OF LATEST TRANSACTION
control field 20210419122028.0
008 - FIXED-LENGTH DATA ELEMENTS--GENERAL INFORMATION
fixed length control field 960524s1997 nyuab b 001 0 eng
010 ## - LIBRARY OF CONGRESS CONTROL NUMBER
LC control number 96023844
020 ## - INTERNATIONAL STANDARD BOOK NUMBER
International Standard Book Number 0393968804 (pbk. : v. 1)
020 ## - INTERNATIONAL STANDARD BOOK NUMBER
International Standard Book Number 0393968812 (pbk. : v. 2)
040 ## - CATALOGING SOURCE
Original cataloging agency DLC
Transcribing agency DLC
Modifying agency DLC
041 ## - LANGUAGE CODE
Language code of text/sound track or separate title eng
050 00 - LIBRARY OF CONGRESS CALL NUMBER
Classification number CB69
Item number .W67 1997
080 ## - UNIVERSAL DECIMAL CLASSIFICATION NUMBER
Universal Decimal Classification number 008
Item number W-83
082 00 - DEWEY DECIMAL CLASSIFICATION NUMBER
Classification number 909
Edition number 20
100 ## - MAIN ENTRY--PERSONAL NAME
9 (RLIN) 287
Personal name Ralph, Lee Philip
245 00 - TITLE STATEMENT
Title World civilizations, their history and their culture. Volume 2
250 ## - EDITION STATEMENT
Edition statement 9th ed. /
Remainder of edition statement Philip Lee Ralph ... [et al.].
260 ## - PUBLICATION, DISTRIBUTION, ETC.
Place of publication, distribution, etc. New York :
Name of publisher, distributor, etc. W.W. Norton,
Date of publication, distribution, etc. c1997.
300 ## - PHYSICAL DESCRIPTION
Extent 902 p. Credits 7p. Index 36p.
Other physical details ill. (some col.), col. maps ;
Dimensions 24 cm.
504 ## - BIBLIOGRAPHY, ETC. NOTE
Bibliography, etc. note Includes bibliographical references and indexes.
650 #0 - SUBJECT ADDED ENTRY--TOPICAL TERM
Topical term or geographic name entry element Civilization
General subdivision History.
653 ## - INDEX TERM--UNCONTROLLED
Uncontrolled term ცივილიზაციების ისტორია
653 ## - INDEX TERM--UNCONTROLLED
Uncontrolled term ისტორია
700 1# - ADDED ENTRY--PERSONAL NAME
Personal name Ralph, Philip Lee,
Dates associated with a name 1905-
700 ## - ADDED ENTRY--PERSONAL NAME
Personal name Lerner, E. Robert
9 (RLIN) 288
700 ## - ADDED ENTRY--PERSONAL NAME
Personal name Meacham, Standish
9 (RLIN) 289
700 ## - ADDED ENTRY--PERSONAL NAME
Personal name Wood, T. Alan
9 (RLIN) 290
700 ## - ADDED ENTRY--PERSONAL NAME
Personal name Hull, W. Richard
9 (RLIN) 291
700 ## - ADDED ENTRY--PERSONAL NAME
Personal name Burns, McNall Edward
9 (RLIN) 292
906 ## - LOCAL DATA ELEMENT F, LDF (RLIN)
a 7
b cbc
c orignew
d 1
e ocip
f 19
g y-gencatlg
942 ## - ADDED ENTRY ELEMENTS (KOHA)
Source of classification or shelving scheme
Koha item type Books
Edition 9
Holdings
Withdrawn status Lost status Source of classification or shelving scheme Damaged status Not for loan Permanent location Current location Date acquired Inventory number Total Checkouts Full call number Barcode Date last seen Price effective from Koha item type
          Ken Walker International University Ken Walker International University 11/24/2020 1215   008 W-83 1215 11/24/2020 11/24/2020 Books

Powered by Koha